|
|
|
|
| LEADER |
00000nab a2200000 a 4500 |
| 001 |
vtls000732079 |
| 003 |
SK-MaSNL |
| 005 |
20260304112923.0 |
| 008 |
250429c2000 xo 0 slo |
| 015 |
|
|
|a SNBRB2000/09-22450
|
| 035 |
|
|
|a CLN000084197
|
| 035 |
|
|
|a urn:nbn:sk:snk-ab2eua
|
| 035 |
|
|
|a (urnnbn)urn:nbn:sk:snk:ar-a02bgv
|
| 035 |
|
|
|a (uuid)2b56badd-ac11-4dfe-82ae-c72ca15d0dba
|
| 040 |
|
|
|a SNKBUCL
|b slo
|c SNKBUCL
|e AACR2
|
| 041 |
0 |
|
|a slo
|
| 044 |
|
|
|a xo
|c SK
|
| 080 |
|
|
|a 61-051
|2 1997
|
| 080 |
|
|
|a 616-006
|2 1997
|
| 080 |
|
|
|a 929 Koza, Ivan
|2 1997
|
| 100 |
1 |
|
|a Ševčíková, Ľ.
|4 aut
|9 826543
|
| 245 |
1 |
0 |
|a Významné životné jubileum prof. MUDr. Ivana Kozu, DrSc.
|c Ľ. Ševčíková, V. Krčméry
|
| 300 |
|
|
|b Obr.
|
| 600 |
1 |
7 |
|a Koza, Ivan,
|d 1940-2021
|2 snkbucl
|9 215569
|
| 655 |
|
7 |
|a články z novín a časopisov
|2 snkbucl
|9 267496
|
| 700 |
1 |
|
|a Krčméry, Vladimír
|4 aut
|9 267694
|
| 773 |
0 |
|
|t Acta chemotherapeutica
|g Roč. 9, č. 4 (2000), s. 3
|x 1335-0579
|
| 850 |
|
|
|a Slovenská národná knižnica
|
| 852 |
|
|
|a Slovenská národná knižnica
|
| 954 |
|
|
|a odborná, vedecká literatúra pôvodná (slovenská)
|2 lita
|
| 958 |
|
|
|a article27
|
| 958 |
|
|
|a MI
|
| 958 |
|
|
|a OND
|
| 958 |
|
|
|a EUIPO
|
| 992 |
|
|
|a RBX
|
| 999 |
|
|
|c 2867549
|d 2869479
|